Constituições brasileiras : (Record no. 1340)

MARC details
000 -LÍDER
Campo Fixo de Controle 00834nam a2200241 a 4500
001 - NÚMERO DE CONTROLE
Campo de Controle 1340
003 - IDENTIFICAÇÃO DO NÚMERO DE CONTROLE
Campo de Controle BR-CuiBMT
005 - DATA E HORA DA ÚLTIMA ATUALIZAÇÃO
Campo de Controle 20231205224137.0
008 - DADOS FIXOS
Dados Fixos 231205s2001 dfb 000 0 por d
040 ## - AGÊNCIA CATALOGADORA
Código da Agência Catalogadora BR-CuiBMT
Agência que transcreveu o registro BR-CuiBMT
080 ## - Nº DA CLASSIFICAÇÃO DECIMAL UNIVERSAL
Nº edição CDU 2007
Nº Class. CDU 342.4
Subd. Auxiliar Comum (81)"1891"
090 ## - NÚMERO DE CHAMADA
Nº classificação 342.4(81)"1891"
Cutter B183c
100 10 - ENTRADA PRINCIPAL -- AUTOR PESSOAL
Nome pessoal Baleeiro, Aliomar.
245 10 - TÍTULO PRINCIPAL
Título principal Constituições brasileiras :
Subtítulo 1891 /
Indicação de responsabilidade Aliomar Baleeiro.
260 ## - PUBLICAÇÃO, DISTRIBUIÇÃO, ETC.
Local de publicação Brasília :
Editora CEE/MCT,
Data 2001.
300 ## - DESCRIÇÃO FÍSICA
N. páginas ou volumes 121 p. :
Ilustrações il. ;
Dimensões 23 cm
490 1# - INDICAÇÃO DE SÉRIE
Título da série Coleção Constituições brasileiras ;
Volume/designação sequencial da série v. 2
650 ## - ASSUNTO TÓPICO
Cabeçalho tópico ou nome geográfico Constituição brasileira
Subdivisão geral Comentários
Subdivisão geográfica Brasil
650 ## - ASSUNTO TÓPICO
Cabeçalho tópico ou nome geográfico Brasil
Subdivisão geral Constituição
Subdivisão de forma História
710 ## - ENTRADA SECUNDÁRIA -- ENTIDADE
Nome da entidade ou lugar Senado Federal.
Unidade subordinada Ministério da Ciência e Tecnologia.
-- Centro de Estudos Estratégicos.
830 ## - ENTRADA SECUNDÁRIA DE SÉRIE -- TÍTULO UNIFORME
Título uniforme Constituições brasileiras
Nº do volume/designação sequencial da série 2
942 ## - ELEMENTOS DE ENTRADA ADICIONAIS (KOHA)
Fonte de classificação ou esquema de arquivamento Classificação Decimal Universal
Tipo de item do Koha Livros
Holdings
Estado: removido Estado: perdido Fonte de classificação ou esquema de arquivamento Estado: danificado Indisponível para empréstimo Localização permanente Localização atual Data de aquisição Total Checkouts Número de Chamada completo Código de barras Date last seen Número do exemplar Preço efetivo a partir de Tipo de item (Koha)
    Classificação Decimal Universal     Biblioteca da Escola Superior de Contas do TCE/MT Biblioteca da Escola Superior de Contas do TCE/MT 05/12/2023   342.4(81)"1891" B183c BIBTCEMT23120197 05/12/2023 Ex. 1 05/12/2023 Livros

Powered by Koha